Voňavé léčivé pohádky /
Kniha s celostránkovými ilustracemi přináší dětem dvanáct pohádkových příběhů o léčivé moci bylinek a éterických olejů.
Uloženo v:
| Hlavní autor: | |
|---|---|
| Další autoři: | |
| Médium: | E-kniha |
| Jazyk: | Czech |
| Vydáno: |
V Brně :
CPress,
2023
|
| Vydání: | 1. vydání |
| Témata: | |
| Tagy: |
Žádné tagy |
| LEADER | 02373nam a2200481 i 4500 | ||
|---|---|---|---|
| 001 | 312172 | ||
| 003 | CZ PrSKC | ||
| 005 | 20260601215718.0 | ||
| 007 | ta | ||
| 008 | 231107s2023 xr a b 000 j cze | ||
| 015 | |a cnb003565860 | ||
| 020 | |a 9788026449935 |q (vázáno) : |c Kč 329,00 | ||
| 035 | |a (OCoLC)1420607545 | ||
| 040 | |a ABG001 |b cze |d BOA001 |e rda | ||
| 072 | 7 | |a 821.162.3-3 |x Česká próza |2 Konspekt | |
| 072 | 7 | |a 821-93 |x Literatura pro děti a mládež (beletrie) |2 Konspekt | |
| 080 | |a 821.162.3-32 |2 MRF | ||
| 080 | |a 821-93 |2 MRF | ||
| 080 | |a 633.88 |2 MRF | ||
| 080 | |a (0:82-32) |2 MRF | ||
| 100 | 1 | |a Zrubecká, Adéla |7 xx0070749 |4 aut | |
| 245 | 1 | 0 | |a Voňavé léčivé pohádky / |c Adéla Zrubecká ; obálka, ilustrace, grafický návrh: Barbara Gyönyör |
| 250 | |a 1. vydání | ||
| 264 | 1 | |a V Brně : |b CPress, |c 2023 | |
| 300 | |a 165 stran : |b barevné ilustrace ; |c 24 cm | ||
| 336 | |a text |b txt |2 rdacontent | ||
| 337 | |a bez média |b n |2 rdamedia | ||
| 338 | |a svazek |b nc |2 rdacarrier | ||
| 504 | |a Obsahuje bibliografii | ||
| 520 | 2 | |a Kniha s celostránkovými ilustracemi přináší dětem dvanáct pohádkových příběhů o léčivé moci bylinek a éterických olejů. |b Znáte heřmánkovou princeznu? Nebo draka z mateřídoušky? A co třeba Vymetáčka mátového? Víte, že tyto kouzelné bytosti mají léčivou moc a dokážou dětem ulevit třeba od bolavého bříška či ouška nebo vyhnat nachlazení? A takových skřítků a princezen a jiných stvoření existuje mnohem víc. Nakladatelsá anotace. Kráceno. | |
| 650 | 0 | 7 | |a léčivé rostliny |7 ph115198 |2 czenas |
| 650 | 0 | 9 | |a medicinal plants |2 eczenas |
| 655 | 7 | |a české příběhy |7 fd133973 |2 czenas | |
| 655 | 7 | |a publikace pro děti |7 fd133156 |2 czenas | |
| 655 | 9 | |a Czech stories |2 eczenas | |
| 655 | 9 | |a children's literature |2 eczenas | |
| 700 | 1 | |a Gyönyör, Barbara, |d 1993- |7 xx0236044 |4 ill | |
| 900 | |a ABA001 |b 19 | ||
| 928 | 9 | |a Albatros Media - CPress | |
| 044 | |a xr | ||
| 910 | |a RBIT002 | ||
| 998 | |d 390692 |a https://core.palmknihy.cz/api/books/390692/cover?si9q05 |b https://core.palmknihy.cz/api/books/390692/cover/400?si9q05 |c https://core.palmknihy.cz/api/books/390692/cover/50?si9q05 |e 2033-12-31 |g 168 |i 9788026449935 |k https://core.palmknihy.cz/api/books/390692/preview.pdf |l |q 49 |r 1 |s https://www.palmknihy.cz/kniha/390692 |t ebook |y 2023 |z 0 | ||
| 999 | |d 312170 | ||